| 000 -LEADER |
| fixed length control field |
00710nam a2200205Ia 4500 |
| 001 - CONTROL NUMBER |
| control field |
7617 |
| 003 - CONTROL NUMBER IDENTIFIER |
| control field |
GE_BSU |
| 008 - FIXED-LENGTH DATA ELEMENTS--GENERAL INFORMATION |
| fixed length control field |
181216s||||||||xx |||||||||||||| ||und|| |
| 040 ## - CATALOGING SOURCE |
| Transcribing agency |
GE_BSU |
| 245 ## - TITLE STATEMENT |
| Title |
Клиническая медицина.№6.Том 91.2013 |
| 245 ## - TITLE STATEMENT |
| Remainder of title |
Научно-практический журнал. |
| 245 ## - TITLE STATEMENT |
| Statement of responsibility, etc. |
Гл. ред. Симоненко В.Б. и др. |
| 260 ## - PUBLICATION, DISTRIBUTION, ETC. |
| Place of publication, distribution, etc. |
москва. |
| 260 ## - PUBLICATION, DISTRIBUTION, ETC. |
| Name of publisher, distributor, etc. |
Издателство медицина. |
| 260 ## - PUBLICATION, DISTRIBUTION, ETC. |
| Date of publication, distribution, etc. |
2013. |
| 300 ## - PHYSICAL DESCRIPTION |
| Extent |
88стр,29см. |
| 520 ## - SUMMARY, ETC. |
| Summary, etc. |
Eжемесячный рецензирумый научно-практический журнал. |
| 653 ## - INDEX TERM--UNCONTROLLED |
| Uncontrolled term |
Клиническая медицина. |
| 942 ## - ADDED ENTRY ELEMENTS (KOHA) |
| Koha item type |
პერიოდიკა |